Illustrated A-Z of the stars & planets / (Record no. 13584)
[ view plain ]
| 000 -LEADER | |
|---|---|
| fixed length control field | 01928nam a22003257a 4500 |
| 005 - DATE AND TIME OF LATEST TRANSACTION | |
| control field | 20080612155649.0 |
| 008 - FIXED-LENGTH DATA ELEMENTS--GENERAL INFORMATION | |
| fixed length control field | 080611t xxu||||| |||| 00| 0 eng d |
| 010 ## - LIBRARY OF CONGRESS CONTROL NUMBER | |
| LC control number | B-262629-633 |
| 020 ## - INTERNATIONAL STANDARD BOOK NUMBER | |
| International Standard Book Number | 1904041760 |
| Terms of availability | 495.00 |
| 035 ## - SYSTEM CONTROL NUMBER | |
| System control number | B-262629-633 |
| 037 ## - SOURCE OF ACQUISITION | |
| Source of stock number/acquisition | Super Book Distributors/22.4.08/27/8.4.08/19.5.08/495.00/ |
| 040 ## - CATALOGING SOURCE | |
| Original cataloging agency | DPL |
| Language of cataloging | EN |
| 082 ## - DEWEY DECIMAL CLASSIFICATION NUMBER | |
| Classification number | 523.8 |
| 100 ## - MAIN ENTRY--PERSONAL NAME | |
| Personal name | Cooper, Chris |
| 245 ## - TITLE STATEMENT | |
| Title | Illustrated A-Z of the stars & planets / |
| Statement of responsibility, etc | by Chris Cooper, Pam Spence [and] Carole Stott; edited by Iaian Nicolson |
| 260 ## - PUBLICATION, DISTRIBUTION, ETC. (IMPRINT) | |
| Name of publisher, distributor, etc | Flame Tree Publishing |
| Date of publication, distribution, etc | 2002 |
| Place of publication, distribution, etc | London |
| 270 ## - ADDRESS | |
| Address | Crabtree Hall, Crabtree Lane, Fulham, |
| City | London |
| 300 ## - PHYSICAL DESCRIPTION | |
| Extent | 224p.: |
| Dimensions | 25 cm (pbk) |
| Other physical details | col. photos |
| 700 ## - ADDED ENTRY--PERSONAL NAME | |
| Personal name | Spence, Pam |
| 700 ## - ADDED ENTRY--PERSONAL NAME | |
| Personal name | Stott, Carole |
| 700 ## - ADDED ENTRY--PERSONAL NAME | |
| Personal name | Nicolson, Iain |
| 942 ## - ADDED ENTRY ELEMENTS (KOHA) | |
| Koha item type | Children Books |
| Classification part | 523.8 |
| Source of classification or shelving scheme | Dewey Decimal Classification |
| Call number suffix | COO |
| Withdrawn status | Lost status | Damaged status | Not for loan | Collection code | Home library | Current library | Date acquired | Cost, normal purchase price | Total Checkouts | Full call number | Barcode | Date last seen | Date checked out | Copy number | Cost, replacement price | Price effective from | Koha item type | Public note | Source of classification or shelving scheme | Source of acquisition |
|---|---|---|---|---|---|---|---|---|---|---|---|---|---|---|---|---|---|---|---|---|
| Non-fiction | Central Library | Central Library | 04/07/2008 | 495.00 | 3 | 523.8 / COO | B-262629 | 27/05/2023 | 13/05/2023 | 1 | 495.00 | 15/09/2008 | Children Books | |||||||
| Written off | Non-fiction | Karol Bagh | Karol Bagh | 04/07/2008 | 495.00 | 523.8 / COO | B-262632 | 15/09/2008 | 1 | 495.00 | 15/09/2008 | Children Books | Written off on approval by DLB (By Circulation); dtd 15-06-2023 | |||||||
| Non-fiction | Patel Nagar | Patel Nagar | 04/07/2008 | 495.00 | 523.8 / COO | B-262630 | 15/09/2008 | 1 | 495.00 | 15/09/2008 | Children Books | |||||||||
| Non-fiction | Sarojini Nagar | Sarojini Nagar | 04/07/2008 | 495.00 | 523.8 / COO | B-262631 | 15/09/2008 | 1 | 495.00 | 15/09/2008 | Children Books | |||||||||
| Non-fiction | Shahdara Branch | Shahdara Branch | 12/06/2008 | 495.00 | 1 | 523.8 / COO | B-262633 | 15/01/2019 | 09/01/2019 | 1 | 495.00 | 15/09/2008 | Children Books | |||||||
| Non-fiction | Vinoba Puri | Vinoba Puri | 10/09/2008 | 495.00 | 1 | 523.8 COO | B-284423 | 21/07/2018 | 24/08/2009 | 1 | 495.00 | 15/09/2008 | Reference Books | Dewey Decimal Classification | Super Book/45019/4.8.08/214/21.7.08/13.8.08 |
